<?xml version="1.0" encoding="UTF-8"?>
<record
    xmlns:xsi="http://www.w3.org/2001/XMLSchema-instance"
    xsi:schemaLocation="http://www.loc.gov/MARC21/slim http://www.loc.gov/standards/marcxml/schema/MARC21slim.xsd"
    xmlns="http://www.loc.gov/MARC21/slim">

  <leader>01174nam a22001937a 4500</leader>
  <controlfield tag="001">1577</controlfield>
  <controlfield tag="005">20250422145128.0</controlfield>
  <datafield tag="020" ind1=" " ind2=" ">
    <subfield code="a">9781847372697</subfield>
  </datafield>
  <datafield tag="040" ind1=" " ind2=" ">
    <subfield code="a">FISKH</subfield>
    <subfield code="b">eng</subfield>
    <subfield code="c">FISKH</subfield>
    <subfield code="d">FISKH</subfield>
  </datafield>
  <datafield tag="082" ind1=" " ind2=" ">
    <subfield code="a">921</subfield>
  </datafield>
  <datafield tag="100" ind1=" " ind2=" ">
    <subfield code="a">Smith, David</subfield>
  </datafield>
  <datafield tag="245" ind1=" " ind2=" ">
    <subfield code="a">Pel&#xE9;: my life in pictures /</subfield>
  </datafield>
  <datafield tag="260" ind1=" " ind2=" ">
    <subfield code="a">London :</subfield>
    <subfield code="b">Simon &amp; Schuster,</subfield>
    <subfield code="c">2008.</subfield>
  </datafield>
  <datafield tag="300" ind1=" " ind2=" ">
    <subfield code="a">95 pages :</subfield>
    <subfield code="c">29 x 29 cm</subfield>
  </datafield>
  <datafield tag="505" ind1=" " ind2=" ">
    <subfield code="a">Abridged from Pel&#xE9; : The Autobiography </subfield>
  </datafield>
  <datafield tag="520" ind1=" " ind2=" ">
    <subfield code="a">Even people who don't know football know Pel&#xE9;. The best of a generation of Brazilian players universally acknowledged as the most accomplished and attractive group of footballers ever to play the game, he won the World Cup three times and is Brazil's all-time record goalscorer. Created by the same packager that brought us THE DYLAN CHRONICLES, THE STAR WARS VAULT, AUREY HEPBURN TREASURES, the world's greatest footballer now gives us the story of his incredible life and careerwith illustrations and removable memorabilia. Told with his characteristic grace and modesty, PELE: MY LIFE IN PICTURESis an essential volume for all sports fans, and anyone who admires true rarity of spirit.</subfield>
  </datafield>
  <datafield tag="700" ind1=" " ind2=" ">
    <subfield code="a">Pel&#xE9;</subfield>
    <subfield code="e">author</subfield>
  </datafield>
  <datafield tag="942" ind1=" " ind2=" ">
    <subfield code="2">ddc</subfield>
    <subfield code="c">BK</subfield>
    <subfield code="n">0</subfield>
  </datafield>
  <datafield tag="999" ind1=" " ind2=" ">
    <subfield code="c">1577</subfield>
    <subfield code="d">1577</subfield>
  </datafield>
  <datafield tag="952" ind1=" " ind2=" ">
    <subfield code="0">0</subfield>
    <subfield code="1">0</subfield>
    <subfield code="2">ddc</subfield>
    <subfield code="4">0</subfield>
    <subfield code="7">0</subfield>
    <subfield code="8">NFIC</subfield>
    <subfield code="a">002</subfield>
    <subfield code="b">002</subfield>
    <subfield code="c">SNS</subfield>
    <subfield code="d">2023-09-07</subfield>
    <subfield code="l">1</subfield>
    <subfield code="o">SMI 796.334092 GV942.7</subfield>
    <subfield code="p">2023-0527</subfield>
    <subfield code="r">2023-09-25 08:22:12</subfield>
    <subfield code="s">2023-09-07</subfield>
    <subfield code="t">1</subfield>
    <subfield code="w">2023-09-07</subfield>
    <subfield code="y">BK</subfield>
  </datafield>
  <datafield tag="952" ind1=" " ind2=" ">
    <subfield code="0">0</subfield>
    <subfield code="1">0</subfield>
    <subfield code="2">ddc</subfield>
    <subfield code="4">0</subfield>
    <subfield code="7">0</subfield>
    <subfield code="8">NFIC</subfield>
    <subfield code="a">002</subfield>
    <subfield code="b">002</subfield>
    <subfield code="c">SNS</subfield>
    <subfield code="d">2023-09-07</subfield>
    <subfield code="l">1</subfield>
    <subfield code="o">SMI 796.334092 GV942.7</subfield>
    <subfield code="p">2023-0528</subfield>
    <subfield code="r">2023-10-09 14:54:03</subfield>
    <subfield code="s">2023-09-07</subfield>
    <subfield code="t">2</subfield>
    <subfield code="w">2023-09-07</subfield>
    <subfield code="y">BK</subfield>
  </datafield>
  <datafield tag="952" ind1=" " ind2=" ">
    <subfield code="0">0</subfield>
    <subfield code="1">0</subfield>
    <subfield code="2">ddc</subfield>
    <subfield code="4">0</subfield>
    <subfield code="7">0</subfield>
    <subfield code="8">NFIC</subfield>
    <subfield code="a">001</subfield>
    <subfield code="b">001</subfield>
    <subfield code="c">ATKSNF</subfield>
    <subfield code="d">2023-09-07</subfield>
    <subfield code="l">0</subfield>
    <subfield code="o">SMI 796.334092 GV942.7</subfield>
    <subfield code="p">2023-0534</subfield>
    <subfield code="r">2023-09-07 15:41:37</subfield>
    <subfield code="t">3</subfield>
    <subfield code="w">2023-09-07</subfield>
    <subfield code="y">BK</subfield>
  </datafield>
  <datafield tag="952" ind1=" " ind2=" ">
    <subfield code="0">0</subfield>
    <subfield code="1">0</subfield>
    <subfield code="2">ddc</subfield>
    <subfield code="4">0</subfield>
    <subfield code="7">0</subfield>
    <subfield code="8">NFIC</subfield>
    <subfield code="a">001</subfield>
    <subfield code="b">001</subfield>
    <subfield code="c">TTP</subfield>
    <subfield code="d">2024-02-29</subfield>
    <subfield code="l">0</subfield>
    <subfield code="o">SMI 796.334092 GV942.7</subfield>
    <subfield code="p">2024-0149</subfield>
    <subfield code="r">2024-02-29 14:22:01</subfield>
    <subfield code="t">4</subfield>
    <subfield code="w">2024-02-29</subfield>
    <subfield code="y">BK</subfield>
  </datafield>
  <datafield tag="952" ind1=" " ind2=" ">
    <subfield code="0">0</subfield>
    <subfield code="1">0</subfield>
    <subfield code="2">ddc</subfield>
    <subfield code="4">0</subfield>
    <subfield code="7">0</subfield>
    <subfield code="8">NFIC</subfield>
    <subfield code="a">002</subfield>
    <subfield code="b">002</subfield>
    <subfield code="c">SNS</subfield>
    <subfield code="d">2025-04-22</subfield>
    <subfield code="l">1</subfield>
    <subfield code="o">SMI 796.334092 GV942.7</subfield>
    <subfield code="p">2025-1080</subfield>
    <subfield code="r">2025-08-19 10:39:32</subfield>
    <subfield code="s">2025-08-18</subfield>
    <subfield code="t">5</subfield>
    <subfield code="w">2025-04-22</subfield>
    <subfield code="y">BK</subfield>
  </datafield>
</record>
